El mercader de Venecia / (Registro nro. 30343)
[ vista simple ]
| 000 -LEADER | |
|---|---|
| fixed length control field | 01461nam a2200253Ia 4500 |
| 003 - CONTROL NUMBER IDENTIFIER | |
| control field | CO-CtgCURN |
| 005 - DATE AND TIME OF LATEST TRANSACTION | |
| control field | 20250409210224.0 |
| 008 - FIXED-LENGTH DATA ELEMENTS--GENERAL INFORMATION | |
| fixed length control field | 190726s9999 xx 000 0 und d |
| 020 ## - INTERNATIONAL STANDARD BOOK NUMBER | |
| International Standard Book Number | 9685146578 |
| 040 ## - CATALOGING SOURCE | |
| Original cataloging agency | CO-CtgCURN |
| Language of cataloging | spa |
| Transcribing agency | coctgcurn |
| 082 ## - DEWEY DECIMAL CLASSIFICATION NUMBER | |
| Classification number | 822.33 |
| Item number | S527 |
| 100 ## - MAIN ENTRY--PERSONAL NAME | |
| Personal name | Shakespeare, William |
| Dates associated with a name | 1564-1616 |
| 9 (RLIN) | 7891 |
| Relator term | autor |
| 245 #0 - TITLE STATEMENT | |
| Title | El mercader de Venecia / |
| Statement of responsibility, etc. | William Shakespeare |
| 260 ## - PUBLICATION, DISTRIBUTION, ETC. | |
| Place of publication, distribution, etc. | México : |
| Name of publisher, distributor, etc. | Ediciones Leyenda, |
| Date of publication, distribution, etc. | 2012 |
| 300 ## - PHYSICAL DESCRIPTION | |
| Extent | 76 páginas ; |
| Dimensions | 20 centímetros. |
| 505 ## - FORMATTED CONTENTS NOTE | |
| Formatted contents note | Acto.1. Venecia.-una calle -- Acto.2. Sala en la quinta de porcia -- Acto.3. Calle de Venecia -- Acto.4. Tribunal en Venecia -- Acto.5. Alameda que conduce a la casa de campo de porcia en Belmonte. |
| 520 ## - SUMMARY, ETC. | |
| Summary, etc. | En el mercader de Venecia, se puede encontrar otra sutil evocación de atmosferas exóticas similares a sueño de una noche de verano, obra también escrita por Shakespeare. en el mercader de Venecia, aparecen retratadas las cualidades renacentistas de la amistad viril y el amor platónico que se opone a la amarga falta de humanidad de un usurero llamado sylock, cuyas desdichas terminan despertando la comprensión y la simpatía del público. |
| 521 ## - TARGET AUDIENCE NOTE | |
| Target audience note | AREA BASICA |
| 590 ## - LOCAL NOTE (RLIN) | |
| Local note | Todos los programas acádemicos |
| 650 ## - SUBJECT ADDED ENTRY--TOPICAL TERM | |
| Topical term or geographic name entry element | Teatro ingles |
| 9 (RLIN) | 7892 |
| 942 ## - ADDED ENTRY ELEMENTS (KOHA) | |
| Koha item type | Libros |
| Classification part | 822.33 |
| Item part | S527 |
| Source of classification or shelving scheme | Dewey Decimal Classification |
| Withdrawn status | Lost status | Source of classification or shelving scheme | Damaged status | Not for loan | Collection | Home library | Current library | Shelving location | Date acquired | Source of acquisition | Inventory number | Total checkouts | Full call number | Barcode | Date last seen | Copy number | Price effective from | Koha item type | Public note |
|---|---|---|---|---|---|---|---|---|---|---|---|---|---|---|---|---|---|---|---|
| Dewey Decimal Classification | Miguel Henríquez Castañeda Barranquilla | Miguel Henríquez Castañeda Barranquilla | General | 05/23/2018 | Compra OC-01-024-15 | 03999 | 822.33 S527 | 03999 | 07/26/2019 | ej.1 | 07/26/2019 | Libros | Compra OC-01-024-15 IP 2015 | ||||||
| Dewey Decimal Classification | Miguel Henríquez Castañeda Barranquilla | Miguel Henríquez Castañeda Barranquilla | General | 05/23/2018 | Compra OC-01-024-15 | 04000 | 822.33 S527 | 04000 | 07/26/2019 | ej.2 | 07/26/2019 | Libros | Compra OC-01-024-15 IP 2015 |